000 00658nab a2200193 4500
001 244442
003 OSt
005 20260209142921.0
007 tu
008 260209s2020|||||||
040 _aDE-2950
_cDE-2950
245 0 0 _aProtest gegen AfD, Kotré und Sparpläne
_bPolitik. Am Bollfrashaus demonstrierten Dutzende gegen Kultur-Kürzungen - und gegen eine Veranstaltung mit AfD-Politikerin Lena Korté
_cThomas Meiler, Thomas Gutke
264 _c2025
653 _aFrankfurt (Oder)
653 _aProteste
653 _aAfD; Sparpläne
773 0 _g37. Jahrgang (2026) Nr. 32 vom 07.02.2026 , S. 19 mit Fotos
_tMärkische Oderzeitung
942 _2z
_cA
999 _c374287
_d374287